000 00603nam a2200193Ia 4500
005 20250508170218.0
008 008 250505s9999 xx 000 0 eng d
037 _aTextual
040 _aFEDL
_beng
_cFEDL
041 _aeng
_2eng
084 _a507, KUL
_qFEDL
100 _aKulkarni V G and others
_9783471
245 0 _aScience- based non- formal education: A project report
260 _aBombay, India
_bHomi Bhabha Centre for Science Education
_c1991
300 _axiv, 155p.
546 _aGifted by Prof. Sailaja Chennat
942 _cTEXL
_h507, KUL
999 _c1399822
_d1399822